[Event "CHN-chT 4th"]
[Site "China"]
[Date "2008.04.22"]
[Round "4"]
[White "Yu, Shaoteng"]
[Black "Sun, Yinan"]
[Result "1-0"]
[WhiteElo "2502"]
[BlackElo "2263"]
[PlyCount "61"]
[EventDate "2008.12.??"]
[EventType "team-tourn"]
[EventRounds "18"]
[EventCountry "CHN"]
[SourceTitle "EXT 2017"]
[Source "ChessBase"]
[SourceDate "2016.10.25"]
[SourceVersion "1"]
[SourceVersionDate "2016.10.25"]
[SourceQuality "1"]

1. e4 c5 2. Nf3 Nc6 3. Nc3 e5 4. Bc4 d6 5. d3 Be7 6. Nd2 Bg5 7. h4 Bh6 8. Qh5 g6 9. Qd1 Nd4 10. h5 Qg5 11. Kf1 Bg4 12. f3 Be6 13. Nd5 Qd8 14. c3 Nc6 15. Nb3 Bxc1 16. Rxc1 Bxd5 17. Bxd5 Nf6 18. hxg6 fxg6 19. d4 Qb6 20. Qd2 Rf8 21. dxc5 dxc5 22. Qf2 0-0-0 23. Qxc5 Qa6+ 24. Kg1 Nh5 25. Kh2 Rf4 26. Rhd1 Rh4+ 27. Kg1 Ng3 28. Kf2 Nh5 29. Be6+ Kc7 30. Rxd8 Kxd8 31. Qd6+ 1-0

[Event "CHN-chT 3rd"]
[Site "China"]
[Date "2007.04.26"]
[Round "3"]
[White "Wang, Yu A"]
[Black "Sun, Yinan"]
[Result "1/2-1/2"]
[WhiteElo "2384"]
[BlackElo "2174"]
[PlyCount "168"]
[EventDate "2007.04.??"]
[EventType "team-tourn"]
[EventRounds "18"]
[EventCountry "CHN"]
[SourceTitle "EXT 2017"]
[Source "ChessBase"]
[SourceDate "2016.10.25"]
[SourceVersion "1"]
[SourceVersionDate "2016.10.25"]
[SourceQuality "1"]

1. e4 c5 2. Nc3 Nc6 3. Bb5 Nd4 4. Bc4 e6 5. Nf3 a6 6. Nxd4 cxd4 7. Ne2 b5 8. Bb3 Qb6 9. 0-0 Ne7 10. d3 Bb7 11. Kh1 Nc6 12. f4 h5 13. f5 h4 14. fxe6 dxe6 15. Ng1 Qc5 16. Nh3 Qh5 17. Bd2 Be7 18. a4 b4 19. Rc1 Ne5 20. Qe1 a5 21. Bf4 Ng6 22. c3 Nxf4 23. Nxf4 Qe5 24. cxd4 Qxd4 25. Bxe6 fxe6 26. Nxe6 Qe5 27. Nc7+ Kd8 28. Rf5 Qxb2 29. Nxa8 Bxa8 30. Qg1 Rh6 31. Rxa5 Bb7 32. Rb5 h3 33. g3 Rc6 34. Rb1 Qe2 35. Qf1 Qxf1+ 36. Rxf1 Ba6 37. Rd5+ Rd6 38. Rxd6+ Bxd6 39. Rd1 Bc5 40. d4 Be2 41. Rd2 Bf3+ 42. Kg1 Bb6 43. Kf2 Bxe4 44. Ke3 Bd5 45. Kd3 b3 46. Rf2 Bc7 47. Kc3 Ke7 48. Rf5 Be6 49. Rg5 Kf6 50. Rc5 Bd6 51. Rc6 Ke7 52. a5 Bd5 53. Rc8 Bb4+ 54. Kb2 Kd7 55. Rb8 Bd6 56. Rh8 Bc4 57. Rxh3 Bc7 58. Rh7 Bxa5 59. Rxg7+ Kc6 60. h4 Be1 61. h5 Bd2 62. h6 Be3 63. Rg4 Bd3 64. Kxb3 Bxh6 65. Kc3 Bf5 66. Rh4 Be3 67. Rh5 Bg4 68. Re5 Bf2 69. Kd3 Bh3 70. Rg5 Bf1+ 71. Ke4 Kd6 72. Rg6+ Ke7 73. Ke5 Be1 74. Rg7+ Kf8 75. Rg5 Ke7 76. Rg7+ Kf8 77. Kf6 Bf2 78. Rd7 Ke8 79. Re7+ Kd8 80. Re4 Bxg3 81. Rg4 Bd6 82. Rg7 Bc4 83. Ra7 Bd5 84. Rh7 Bc4 1/2-1/2

[Event "CHN-chT 3rd"]
[Site "China"]
[Date "2007.04.25"]
[Round "2"]
[White "Sun, Yinan"]
[Black "Ruan, Lufei"]
[Result "0-1"]
[WhiteElo "2174"]
[BlackElo "2370"]
[PlyCount "68"]
[EventDate "2007.04.??"]
[EventType "team-tourn"]
[EventRounds "18"]
[EventCountry "CHN"]
[SourceTitle "EXT 2017"]
[Source "ChessBase"]
[SourceDate "2016.10.25"]
[SourceVersion "1"]
[SourceVersionDate "2016.10.25"]
[SourceQuality "1"]

1. e4 e5 2. Nf3 Nc6 3. Bb5 Nf6 4. d4 exd4 5. 0-0 a6 6. Ba4 Be7 7. Nxd4 Nxd4 8. Qxd4 c5 9. Qd1 b5 10. e5 Ng8 11. Qf3 Rb8 12. Qg3 Kf8 13. Nc3 bxa4 14. Rd1 Rb6 15. Qf4 Rb4 16. Qe3 Bb7 17. a3 Rb6 18. Nxa4 Rc6 19. c4 Nh6 20. Qb3 Qc7 21. Bf4 Re6 22. Qd3 Qc6 23. Qd5 Nf5 24. f3 Nd4 25. Nc3 Qc8 26. Rac1 Bxd5 27. cxd5 Rb6 28. d6 Bd8 29. b4 Rc6 30. Rb1 cxb4 31. Rxb4 Rxc3 32. Rdxd4 g5 33. Bd2 Rc2 34. Kf1 Ba5 0-1

[Event "Torch Cup"]
[Site "Xiapu"]
[Date "2005.06.24"]
[Round "17"]
[White "Gong, Qianyun"]
[Black "Sun, Yinan"]
[Result "1-0"]
[WhiteElo "2350"]
[BlackElo "2171"]
[PlyCount "103"]
[EventDate "2005.06.21"]
[EventType "team"]
[EventRounds "19"]
[EventCountry "CHN"]
[SourceTitle "CBM 106 Extra"]
[Source "ChessBase"]
[SourceDate "2005.07.01"]
[SourceVersion "1"]
[SourceVersionDate "2005.07.01"]
[SourceQuality "1"]

1. e4 g6 2. d4 Bg7 3. Nc3 d5 4. e5 c5 5. f4 cxd4 6. Qxd4 e6 7. Nb5 Nc6 8. Qf2 Nge7 9. Nd6+ Kf8 10. Nf3 Nf5 11. Nxf5 exf5 12. Be3 Qa5+ 13. c3 Be6 14. Be2 f6 15. b4 Qc7 16. Bc5+ Kf7 17. Bd6 Qc8 18. 0-0 Rd8 19. Rac1 Kg8 20. a4 Qd7 21. a5 Qf7 22. a6 b6 23. Bb5 Ne7 24. exf6 Bxf6 25. Be5 Bd7 26. Bd3 Nc6 27. Bxf6 Qxf6 28. Qa2 Be6 29. Rfe1 Bf7 30. Bb5 Rac8 31. Qa4 d4 32. Bxc6 Rxc6 33. Nxd4 Rc4 34. Qd1 b5 35. Qe2 Qxa6 36. Qe5 Rd5 37. Qe7 Qc8 38. Nf3 Rc7 39. Qe3 Qd8 40. Ne5 Rd2 41. Ra1 Qd5 42. Re2 Rxe2 43. Qxe2 Rxc3 44. Rd1 Qb7 45. Rd8+ Kg7 46. Rd1 Qb6+ 47. Kh1 Rc7 48. Nd7 Qc6 49. Qe5+ Kh6 50. Qe7 Qe6 51. Qf8+ Kh5 52. Qd8 1-0

[Event "CHN-chT Torch Real Estate Cup"]
[Site "Wuxi"]
[Date "2005.05.14"]
[Round "13"]
[White "Shen, Yang"]
[Black "Sun, Yinan"]
[Result "1-0"]
[WhiteElo "2322"]
[BlackElo "2171"]
[PlyCount "85"]
[EventDate "2005.05.08"]
[EventType "team-tourn"]
[EventRounds "13"]
[EventCountry "CHN"]
[SourceTitle "CBM 106 Extra"]
[Source "ChessBase"]
[SourceDate "2005.07.01"]
[SourceVersion "1"]
[SourceVersionDate "2005.07.01"]
[SourceQuality "1"]

1. e4 c5 2. Nf3 d6 3. d4 cxd4 4. Nxd4 Nf6 5. Nc3 g6 6. Be3 Bg7 7. f3 0-0 8. Qd2 Nc6 9. 0-0-0 Nxd4 10. Bxd4 Be6 11. Kb1 Qc7 12. g4 Rfc8 13. h4 Qa5 14. a3 Rab8 15. h5 b5 16. hxg6 fxg6 17. Qg5 Bf7 18. Nd5 Bxd5 19. Bxf6 exf6 20. Qxd5+ Kh8 21. Bd3 Qc7 22. e5 dxe5 23. Bxg6 h6 24. Bd3 Rd8 25. Qe4 Bf8 26. Qf5 Qg7 27. Rdg1 Rd4 28. g5 fxg5 29. Rxg5 Rf4 30. Rxg7 Rxf5 31. Rd7 Rg5 32. Rxa7 Kg8 33. Be4 Rg7 34. Bd5+ Kh7 35. Ra6 Rg5 36. Be4+ Kg8 37. Ka2 Kf7 38. Kb3 Ke7 39. Bd5 Kd7 40. Ra7+ Kd6 41. Rd1 h5 42. Rh7 Kc5 43. Be4 1-0

[Event "CHN-chT Torch Real Estate Cup"]
[Site "Wuxi"]
[Date "2005.05.09"]
[Round "8"]
[White "Sun, Yinan"]
[Black "Yang, Ning"]
[Result "1/2-1/2"]
[WhiteElo "2171"]
[BlackElo "2164"]
[PlyCount "50"]
[EventDate "2005.05.08"]
[EventType "team-tourn"]
[EventRounds "13"]
[EventCountry "CHN"]
[SourceTitle "CBM 106 Extra"]
[Source "ChessBase"]
[SourceDate "2005.07.01"]
[SourceVersion "1"]
[SourceVersionDate "2005.07.01"]
[SourceQuality "1"]

1. Nf3 Nf6 2. c4 c5 3. Nc3 d5 4. cxd5 Nxd5 5. e4 Nb4 6. Bb5+ Bd7 7. a3 N4c6 8. d4 cxd4 9. Nxd4 g6 10. 0-0 Bg7 11. Be3 0-0 12. Rc1 Nxd4 13. Bxd4 Bxb5 14. Bxg7 Kxg7 15. Nxb5 Nc6 16. Qb3 Qb6 17. Rfd1 Rad8 18. h3 h5 19. Rd5 e6 20. Rdc5 a6 21. Nd4 Qxb3 22. Nxb3 Rfe8 23. f3 Re7 24. R5c3 Nd4 25. Nxd4 Rxd4 1/2-1/2

[Event "Jinan Torch Cup"]
[Site "Jinan"]
[Date "2005.04.22"]
[Round "3"]
[White "Ding, Yixin"]
[Black "Sun, Yinan"]
[Result "1-0"]
[WhiteElo "2263"]
[BlackElo "2171"]
[PlyCount "119"]
[EventDate "2005.04.20"]
[EventType "team"]
[EventRounds "9"]
[EventCountry "CHN"]
[SourceTitle "CBM 106 Extra"]
[Source "ChessBase"]
[SourceDate "2005.07.01"]
[SourceVersion "1"]
[SourceVersionDate "2005.07.01"]
[SourceQuality "1"]

1. e4 d5 2. exd5 Qxd5 3. Nc3 Qa5 4. d4 Nf6 5. Nf3 c6 6. Bc4 Bg4 7. h3 Bh5 8. g4 Bg6 9. Ne5 Nbd7 10. Nxg6 hxg6 11. Qe2 e6 12. Bd2 Qb6 13. 0-0-0 0-0-0 14. Be3 Qc7 15. g5 Nh5 16. Qf3 Nb6 17. Bb3 Bd6 18. Ne4 Nd5 19. Nxd6+ Rxd6 20. c4 Nxe3 21. fxe3 Rd7 22. Rhg1 Qa5 23. c5 Rhd8 24. Kb1 Qc7 25. a3 Kb8 26. Ka2 Re7 27. Rg4 Red7 28. Qf2 e5 29. Re4 exd4 30. Rexd4 Rxd4 31. Rxd4 Rxd4 32. exd4 Nf4 33. Qe3 a6 34. Qe8+ Ka7 35. Qe5 Qxe5 36. dxe5 Nd3 37. e6 fxe6 38. Bxe6 Nxc5 39. Bf7 Ne4 40. h4 Kb6 41. Bxg6 Nc5 42. h5 Ne6 43. h6 gxh6 44. gxh6 Nf8 45. Bf5 Ka5 46. Kb3 b5 47. h7 Nxh7 48. Bxh7 Kb6 49. Kc3 c5 50. Be4 Ka5 51. Bc2 Kb6 52. Kd3 Kc6 53. Ke4 Kd6 54. Bd1 Kc6 55. Ke5 b4 56. a4 Kc7 57. Kd5 Kb6 58. Be2 Ka5 59. b3 Kb6 60. Bxa6 1-0

[Event "Jinan Torch Cup"]
[Site "Jinan"]
[Date "2005.04.21"]
[Round "2"]
[White "Sun, Yinan"]
[Black "Wang, Xiaohui"]
[Result "0-1"]
[WhiteElo "2171"]
[BlackElo "2180"]
[PlyCount "76"]
[EventDate "2005.04.20"]
[EventType "team"]
[EventRounds "9"]
[EventCountry "CHN"]
[SourceTitle "CBM 106 Extra"]
[Source "ChessBase"]
[SourceDate "2005.07.01"]
[SourceVersion "1"]
[SourceVersionDate "2005.07.01"]
[SourceQuality "1"]

1. e4 d6 2. d4 Nf6 3. Nc3 g6 4. h3 Bg7 5. Nf3 c6 6. a4 0-0 7. Be3 Nbd7 8. a5 e5 9. dxe5 dxe5 10. Qd6 Ne8 11. Qd2 Qe7 12. Bc4 Nc5 13. Rd1 Ne6 14. 0-0 N8c7 15. Qd6 Qf6 16. a6 Rd8 17. axb7 Bxb7 18. Qb4 Rdb8 19. Qa5 Nb5 20. Bxb5 cxb5 21. Rd6 Qe7 22. Rfd1 Nd4 23. Nxb5 Bxe4 24. Nfxd4 exd4 25. Bf4 Be5 26. Bxe5 Qxe5 27. c4 Qg5 28. g3 Qh5 29. R1xd4 Qf3 30. Rxe4 Qxe4 31. Qc3 Rc8 32. Rd4 Qe6 33. c5 a5 34. Qf3 Rab8 35. Nd6 Rxc5 36. Qf4 Rf8 37. Re4 Qxh3 38. Ne8 Qf5 0-1

[Event "Wch U10 Girls"]
[Site "Oropesa del Mar"]
[Date "1999.10.27"]
[Round "4"]
[White "Sgircea, Silvia Raluca"]
[Black "Sun, Yinan"]
[Result "0-1"]
[WhiteElo "2226"]
[BlackElo "2189"]
[PlyCount "78"]
[EventDate "1999.10.24"]
[EventType "swiss"]
[EventRounds "11"]
[EventCountry "ESP"]
[SourceTitle "CBM 072 Extra"]
[Source "ChessBase"]
[SourceDate "1999.11.18"]
[SourceVersion "1"]
[SourceVersionDate "1999.11.18"]
[SourceQuality "1"]

1. e4 c5 2. Nc3 Nc6 3. g3 Nf6 4. Bg2 g6 5. d3 Bg7 6. Be3 d6 7. h3 e5 8. Qd2 Be6 9. Bh6 0-0 10. Bxg7 Kxg7 11. Nge2 d5 12. exd5 Nxd5 13. 0-0 Nxc3 14. Nxc3 Rc8 15. Ne4 b6 16. Rae1 c4 17. Ng5 Bd5 18. a3 Bxg2 19. Kxg2 cxd3 20. cxd3 Qd5+ 21. Nf3 Rfe8 22. Qe3 Nd4 23. Rc1 Rcd8 24. Rfd1 Rd6 25. Qe4 Qb3 26. Rb1 Nxf3 27. Qxf3 Red8 28. Qe4 Qd5 29. Kf3 Qe6 30. g4 h5 31. Kg3 hxg4 32. hxg4 Rd4 33. Qf3 Rf4 34. Qe2 Rfd4 35. f3 f5 36. gxf5 Qxf5 37. Rd2 Qg5+ 38. Kf2 Rh4 39. Ke1 Rh1+ 0-1